000 00270nam a22001217a 4500
008 170519b xxu||||| |||| 00| 0 eng d
041 _aeng
080 _22ND
_a94(7/8)
100 _a16
101 _aSHH
245 _aTHROUGH WOMEN'S EYES
_cDUBOIS, E.C
942 _2udc
_cBK
999 _c13554
_d13554